MARC details
| 000 -LEADER |
| fixed length control field |
01317nam a2200349 a 4500 |
| 001 - CONTROL NUMBER |
| control field |
3939032 |
| 003 - CONTROL NUMBER IDENTIFIER |
| control field |
BDDh-ASL |
| 005 - DATE AND TIME OF LATEST TRANSACTION |
| control field |
20231015030006.0 |
| 008 - FIXED-LENGTH DATA ELEMENTS--GENERAL INFORMATION |
| fixed length control field |
930611s1992 bg b 100 0 eng |
| 010 ## - LIBRARY OF CONGRESS CONTROL NUMBER |
| LC control number |
92912120 |
| 020 ## - INTERNATIONAL STANDARD BOOK NUMBER |
| International Standard Book Number |
9840800949 : |
| Terms of availability |
Tk375.00 |
| 025 ## - OVERSEAS ACQUISITION NUMBER |
| Overseas acquisition number |
B-E-7575 |
| 040 ## - CATALOGING SOURCE |
| Original cataloging agency |
DLC |
| Transcribing agency |
DLC |
| Modifying agency |
DLC |
| -- |
BDDh-ASL |
| 043 ## - GEOGRAPHIC AREA CODE |
| Geographic area code |
a-bg--- |
| 050 00 - LIBRARY OF CONGRESS CALL NUMBER |
| Classification number |
DS331.5 |
| Item number |
.B36 1992 |
| 082 00 - DEWEY DECIMAL CLASSIFICATION NUMBER |
| Classification number |
327.5492 |
| Edition number |
20 |
| Item number |
IFB |
| 245 00 - TITLE STATEMENT |
| Title |
Bangladesh and SAARC : |
| Remainder of title |
issues, perspectives, and outlook / |
| Statement of responsibility, etc. |
edited by Iftekharuzzaman, Imtiaz Ahmed. |
| 260 ## - PUBLICATION, DISTRIBUTION, ETC. |
| Place of publication, distribution, etc. |
Dhaka : |
| Name of publisher, distributor, etc. |
Academic Publishers, |
| Date of publication, distribution, etc. |
c1992. |
| 300 ## - PHYSICAL DESCRIPTION |
| Extent |
xiii, 350 p. ; |
| Dimensions |
23 cm. |
| 500 ## - GENERAL NOTE |
| General note |
"Bangladesh Institute of International and Strategic Studies"--T.p. verso. |
| 504 ## - BIBLIOGRAPHY, ETC. NOTE |
| Bibliography, etc. note |
Includes bibliographical references. |
| 520 ## - SUMMARY, ETC. |
| Summary, etc. |
Papers presented at a seminar held on 23-24 August 1992. |
| 610 20 - SUBJECT ADDED ENTRY--CORPORATE NAME |
| Corporate name or jurisdiction name as entry element |
South Asian Association for Regional Cooperation |
| General subdivision |
Congresses. |
| 651 #0 - SUBJECT ADDED ENTRY--GEOGRAPHIC NAME |
| Geographic name |
South Asia |
| General subdivision |
Relations |
| Geographic subdivision |
Bangladesh |
| General subdivision |
Congresses. |
| 651 #0 - SUBJECT ADDED ENTRY--GEOGRAPHIC NAME |
| Geographic name |
Bangladesh |
| General subdivision |
Relations |
| Geographic subdivision |
South Asia |
| General subdivision |
Congresses. |
| 700 0# - ADDED ENTRY--PERSONAL NAME |
| Personal name |
Iftekharuzzaman. |
| 700 1# - ADDED ENTRY--PERSONAL NAME |
| Personal name |
Ahmed, Imtiaz, |
| Dates associated with a name |
1958- |
| 710 2# - ADDED ENTRY--CORPORATE NAME |
| Corporate name or jurisdiction name as entry element |
Bangladesh Institute of International and Strategic Studies. |
| 906 ## - LOCAL DATA ELEMENT F, LDF (RLIN) |
| a |
7 |
| b |
cbc |
| c |
orignew |
| d |
3 |
| e |
ncip |
| f |
19 |
| g |
y-gencatlg |
| 942 ## - ADDED ENTRY ELEMENTS (KOHA) |
| Source of classification or shelving scheme |
Dewey Decimal Classification |
| Koha item type |
Books |